| 000 | 00657nam a22001817a 4500 | ||
|---|---|---|---|
| 999 |
_c19162 _d19162 |
||
| 008 | 240215b ||||| |||| 00| 0 eng d | ||
| 020 | _a9786214183203 | ||
| 082 |
_aDFil 363.25 _bL881 2023 |
||
| 100 |
_aLopez, Judy S. _946416 |
||
| 245 |
_aLaw enforcement operations and planning with crime mapping / _cJudy S. Lopez and Thomas B. Taynan Jr. |
||
| 260 |
_aQuezon City : _bWiseman's Books Trading, Inc., _c©2023. |
||
| 300 |
_aix, 208 pages : _billustrations ; _c22 cm. |
||
| 500 | _aIncludes references. | ||
| 650 |
_aCrime analysis. _952559 |
||
| 650 |
_aLaw enforcement. _952560 |
||
| 700 |
_aTaynan, Thomas B. Jr. _eauthor. _952460 |
||
| 942 |
_2ddc _cDFIL |
||